Pokédex d'Hoenn (ROSA) - Statistiques

Statistiques générales
  • Ce quiz a été pris 241 fois
  • Le résultat moyen est 162 sur 211
Statistiques - réponses
Numéro Pokémon % Correct
002 Massko
99%
004 Poussifeu
99%
001 Arcko
98%
006 Braségali
98%
007 Gobou
98%
003 Jungko
98%
009 Laggron
96%
005 Galifeu
95%
208 Groudon
94%
207 Kyogre
94%
209 Rayquaza
94%
210 Jirachi
93%
211 Deoxys
91%
008 Flobio
91%
205 Latias
91%
206 Latios
91%
025 Nirondelle
90%
107 Camérupt
89%
026 Hélédelle
89%
010 Medhyèna
89%
012 Zigzaton
89%
014 Chenipotte
88%
011 Grahyèna
88%
015 Armulys
86%
017 Blindalys
86%
106 Chamallot
86%
016 Charmillon
86%
027 Goélise
86%
013 Linéon
86%
021 Ludicolo
86%
018 Papinox
86%
035 Balignon
85%
036 Chapignon
85%
196 Draby
85%
198 Drattak
85%
080 Dynavolt
85%
081 Élecsprint
85%
031 Gardevoir
85%
030 Kirlia
85%
020 Lombre
85%
201 Métalosse
85%
019 Nénupiot
85%
058 Racaillou
85%
029 Tarsal
85%
105 Wailord
85%
028 Bekipan
84%
079 Charmina
84%
022 Grainipiot
84%
059 Gravalanch
84%
060 Grolem
84%
203 Regice
84%
202 Regirock
84%
204 Registeel
84%
104 Wailmer
84%
127 Altaria
83%
084 Magnéti
83%
085 Magnéton
83%
200 Métang
83%
023 Pifeuil
83%
103 Sharpedo
83%
024 Tengalice
83%
110 Chartor
81%
046 Chuchmur
81%
197 Drackhaus
81%
121 Kraknoix
81%
054 Léviator
81%
123 Libégon
81%
053 Magicarpe
81%
078 Méditikka
81%
039 Monaflèmit
81%
130 Séléroc
81%
131 Solaroc
81%
199 Terhal
81%
126 Tylton
81%
038 Vigoroth
81%
102 Carvanha
80%
050 Hariyama
80%
075 Machoc
80%
076 Machopeur
80%
037 Parecool
80%
153 Skelénox
80%
061 Tarinor
80%
122 Vibraninf
80%
087 Voltorbe
80%
040 Abra
79%
042 Alakazam
79%
141 Armaldo
79%
145 Barpau
79%
032 Gallame
79%
041 Kadabra
79%
077 Mackogneur
79%
049 Makuhita
79%
146 Milobellus
79%
083 Nègapi
79%
163 Pikachu
79%
082 Posipi
79%
164 Raichu
79%
187 Rosabyss
79%
186 Serpang
79%
154 Téraclope
79%
139 Vacilys
79%
101 Avaltout
78%
152 Branette
78%
185 Coquiperl
78%
088 Électrode
78%
073 Galegon
78%
072 Galekid
78%
074 Galeking
78%
065 Nosferapti
78%
067 Nostenfer
78%
159 Absol
76%
120 Airmure
76%
140 Anorith
76%
033 Arakdo
76%
057 Azumarill
76%
048 Brouhabam
76%
100 Gloupti
76%
138 Lilia
76%
108 Limagma
76%
056 Marill
76%
034 Maskadra
76%
066 Nosferalto
76%
151 Polichombr
76%
047 Ramboum
76%
188 Relicanth
76%
098 Rosélia
76%
109 Volcaropod
76%
055 Azurill
75%
124 Cacnea
75%
086 Magnézone
75%
071 Mysdibule
75%
155 Noctunoir
75%
180 Oniglali
75%
099 Roserade
75%
119 Spinda
75%
179 Stalgamin
75%
070 Ténéfix
75%
068 Tentacool
75%
069 Tentacruel
75%
156 Tropius
75%
136 Balbuto
74%
125 Cacturne
74%
184 Kaimorse
74%
137 Kaorine
74%
150 Kecleon
74%
128 Mangriff
74%
045 Munja
74%
043 Ningale
74%
044 Ninjask
74%
182 Obalie
74%
092 Ortide
74%
183 Phogleur
74%
162 Pichu
74%
097 Rozbouton
74%
194 Hypocéan
73%
195 Hyporoi
73%
192 Lovdisc
73%
089 Muciole
73%
091 Mystherbe
73%
093 Rafflesia
73%
129 Séviper
73%
116 Groret
71%
193 Hypotrempe
71%
090 Lumivole
71%
115 Spoink
71%
062 Tarinorme
71%
133 Barbicha
70%
135 Colhomard
70%
134 Écrapince
70%
161 Feunard
70%
160 Goupix
70%
181 Momartik
70%
147 Morphéo
70%
132 Barloche
69%
064 Delcatty
69%
094 Joliflor
69%
117 Sabelette
69%
118 Sablaireau
69%
063 Skitty
69%
158 Éoko
68%
051 Poissirène
68%
052 Poissoroy
68%
167 Okéoké
66%
168 Qulbutoké
65%
174 Scarabrute
65%
175 Scarhino
65%
113 Smogo
65%
114 Smogogo
65%
191 Lanturn
64%
190 Loupio
64%
144 Grodoudou
63%
157 Korillon
63%
143 Rondoudou
63%
112 Grotadmorv
61%
111 Tadmorv
61%
189 Corayon
60%
176 Rhinocorne
60%
177 Rhinoféros
60%
142 Toudoudou
60%
148 Stari
59%
149 Staross
59%
178 Rhinastoc
56%
171 Girafarig
55%
096 Dodrio
54%
095 Doduo
54%
173 Donphan
51%
169 Natu
51%
170 Xatu
51%
172 Phanpy
50%
165 Psykokwak
44%
166 Akwakwak
43%
Aucun quiz correspondant
Distribution des résultats
% des personnes avec chaque résultat
Percentile par nombre de réponses
Votre historique - résultats
Vous n’avez pas pris ce quiz